00289cam a22001097a 4500008004000000082001200040100002200052245004100074260003500115300001000150650001900160180718b1998 xxu||||| |||| 00| 0 eng d aO91 K96 aK. Parvathi Kumar aAquarian crosscby K. Parvathi Kumar aVisakhapatnambDhanishtac1998 a245p. aAquarian cross